000 01068nji a22002657a 4500
005 20100910112542.0
006 a|||||r|||||00| 0
007 sd ammalaaahaa
008 100830t xxu||||| |||| 00| 0 eng d
028 _aN 55721
_bHis Master's Voice
035 _aGR-01834
040 _aSED
_cSED
100 _917455
_aMangeshkar, Lata
245 _aSanghursh /
_cby Lata Mangeshkar ; music by Nausad ; lyrics by Shakeel Badayuni
_h[sound recording] :
246 _aसंघर्ष
260 _aDum Dum, India
_bHis Master's Voice
300 _a1 sound disc [Gramophone Recording]:
_banalog, 33 1/3 rpm
_c9.5 in. (MP)
_fGramophone Record
500 _aBrief Record
505 _aSide-1 इश्क दीवाना (Ishq diwana) (Mohd. Rafi) --Side-2 मेरे पास आयी (Mere paas aayi) (Lata Mangeshkar)
650 _aClassical music
_zIndia
_91186
_xExcerpts
700 _917416
_aNausad
700 _917456
_aBadayuni, Shakeel
942 _2ddc
_cGR
999 _c45005
_d45005